000 01387nam0a22002771 4500
001 rc\2879913
005 20250529213300.0
035 _a(NLR Aleph) 007032807
090 _a6020082
_c6020082
100 _a20110719d1927 |||y0rusy50 ca
101 0 _arus
102 _aRU
105 _aa z |||||
200 1 _aВоенный уголок в избе-читальне, рабочем клубе и других политико-просветительных учреждениях города и деревни
_fВ. Камский и И. Коробочкин
205 _a2-е изд., испр. и доп. ...
210 _aМосква
_cДолой неграмотность
_d[1927]
_e[Ленинград]
_gЦентр. тип. Наркомвоенмора
215 _a141, [2] с., [1] с. объявл.
_cил., черт., диагр.
_d23×15 см
300 _aОбложка: М[арк] К[ирнарский]
320 _aБиблиогр.: "Указатель литературы и наглядных пособий для военных уголков и кружков военных знаний" (на 10 страницах). - "Источники" (21 название)
700 1 _aКамский
_bВ.
701 1 _aКоробочкин
_bИ.
801 0 _aRU
_bNLR
_gpsbo
801 1 _aRU
_bELAR
_2rusmarc
852 _aNLR
_j43/585
942 _cBOOK
980 _aNB